| 000 | 00804nam a2200181 a 4500 | ||
|---|---|---|---|
| 005 | 20140412111325.0 | ||
| 008 | 000818s19uu xx 00 eng d | ||
| 020 | _a0-517-88576-X | ||
| 050 |
_aTR(PS E _bMy99 1996 |
||
| 100 | _aGrossman, Bill | ||
| 245 |
_aMy Little sister ate one hare / _cby Bill Grossman ; illustrated by Kevin Hawkes. |
||
| 260 |
_aNew York : _bDragonfly Books/Crown Publishers, Inc, _c1996. |
||
| 300 | _a1 v. (unp.) ; ill. | ||
| 520 | _aMy little sister ate 1 hare. We thought she'd throw up then and there. But she didn't. My little sister ate 2 snakes. She ate 2 snakes, for heaven sakes! she ates 5 bats, 4 shrews, 3 ants. she even ate their underpants! And that's just the beginning. . . | ||
| 650 | _aCounting-Fiction | ||
| 650 | _aNumbers-Fiction | ||
| 999 |
_c104568 _d104568 |
||